<?xml version="1.0" encoding="UTF-8"?>
<collection xmlns="http://www.loc.gov/MARC21/slim">
  <record>
    <leader>00000nam  2200000   4500</leader>
    <controlfield tag="001">INLIS000000000053586</controlfield>
    <controlfield tag="005">20181022121840</controlfield>
    <datafield tag="035" ind1="#" ind2="#">
      <subfield code="a">0010-1018000201</subfield>
    </datafield>
    <datafield tag="245" ind1="1" ind2="#">
      <subfield code="a">STATISTIK EKONOMI-KEUANGAN DAERAH /</subfield>
      <subfield code="c">Bank Indonesia</subfield>
    </datafield>
    <datafield tag="100" ind1=" " ind2="#">
      <subfield code="a">STATISTIK EKONOMI-KEUANGAN DAERAH</subfield>
    </datafield>
    <datafield tag="300" ind1="#" ind2="#">
      <subfield code="a">116 hlm :</subfield>
      <subfield code="b">Ilus ;</subfield>
      <subfield code="c">15x24 cm</subfield>
    </datafield>
    <datafield tag="260" ind1="#" ind2="#">
      <subfield code="a">Mataram :</subfield>
      <subfield code="b">Bank Indonesia,</subfield>
      <subfield code="c">2009</subfield>
    </datafield>
    <datafield tag="082" ind1="#" ind2="#">
      <subfield code="a">310.59865</subfield>
    </datafield>
    <datafield tag="084" ind1="#" ind2="#">
      <subfield code="a">310.59865 STA s</subfield>
    </datafield>
    <datafield tag="022" ind1="#" ind2="#">
      <subfield code="a">1411-7410</subfield>
    </datafield>
    <datafield tag="650" ind1="#" ind2="#">
      <subfield code="a">statistik-NTB</subfield>
    </datafield>
  </record>
</collection>
